Pracovné podmienky vo vzťahu k produktivite práce zamestnancov podniku

Vymedzenie pojmov produktivita práce, pracovná spokojnosť, pracovná motivácia a faktory, ktoré ich ovplyvňujú, ako sú poskytované benefity alebo pracovné prostredie.

Salvato in:
Dettagli Bibliografici
Autore principale: Petrillová, Michaela
Natura: Capitolo di libro
Lingua:slovacco
Soggetti:
Tags: Aggiungi Tag
Nessun Tag, puoi essere il primo ad aggiungerne!!

MARC

LEADER 00000nla a2200000 4500
001 0239034
005 20240417075130.9
041 0 |a slo 
044 |a SK 
245 1 0 |a Pracovné podmienky vo vzťahu k produktivite práce zamestnancov podniku  |c Michaela Petrillová 
520 |a Vymedzenie pojmov produktivita práce, pracovná spokojnosť, pracovná motivácia a faktory, ktoré ich ovplyvňujú, ako sú poskytované benefity alebo pracovné prostredie. 
610 2 0 |a produktivita práce 
610 2 0 |a podmienky pracovné 
610 2 0 |a prostredie pracovné 
610 2 0 |a zamestnanci 
610 2 0 |a benefity 
100 1 |a Petrillová, Michaela